000 00444nam a2200181Ia 4500
005 20240823043653.0
008 240823s9999||||xx |||||||||||||| ||und||
041 _aENGLISH
082 _A519
100 _aBrilliant Tutorials
245 0 _aJoint CSIR-UGC(NET) Examination Mathematical Science Set 2
250 _a1st
260 _bBrilliant Tuto
500 _aTRANSFERED
650 _aGeneral
_bGeneral
942 _cBK
999 _c210768
_d210768